Exercise / (Record no. 1765)

MARC details
000 -LEADER
fixed length control field 01250cam a22003374a 4500
001 - CONTROL NUMBER
control field 1765
003 - CONTROL NUMBER IDENTIFIER
control field FISKH
005 - DATE AND TIME OF LATEST TRANSACTION
control field 20231005120558.0
008 - FIXED-LENGTH DATA ELEMENTS--GENERAL INFORMATION
fixed length control field 020408s2002 nyua b 001 0 eng
010 ## - LIBRARY OF CONGRESS CONTROL NUMBER
LC control number 2002005484
020 ## - INTERNATIONAL STANDARD BOOK NUMBER
International Standard Book Number 0516225715
040 ## - CATALOGING SOURCE
Original cataloging agency DLC
Transcribing agency DLC
Modifying agency DLC
Language of cataloging eng
042 ## - AUTHENTICATION CODE
Authentication code pcc
-- lcac
050 00 - LIBRARY OF CONGRESS CALL NUMBER
Classification number RA781
Item number .G67 2002
082 00 - DEWEY DECIMAL CLASSIFICATION NUMBER
Classification number 613.7/1
Edition number 21
100 1# - MAIN ENTRY--PERSONAL NAME
Personal name Gordon, Sharon.
245 10 - TITLE STATEMENT
Title Exercise /
Statement of responsibility, etc. by Sharon Gordon.
260 ## - PUBLICATION, DISTRIBUTION, ETC.
Place of publication, distribution, etc. New York :
Name of publisher, distributor, etc. Scholastic,
Date of publication, distribution, etc. 2002.
300 ## - PHYSICAL DESCRIPTION
Extent 31 pages :
Other physical details color illustrations ;
Dimensions 19 cm.
440 #0 - SERIES STATEMENT/ADDED ENTRY--TITLE
Title Rookie read-about health
505 ## - FORMATTED CONTENTS NOTE
Formatted contents note J<br/>
520 ## - SUMMARY, ETC.
Summary, etc. The popular Rookie Books expand their horizons - to all corners of the globe! With this series all about geography, emergent readers will take off on adventures to cities, nations, waterways, and habitats around the world...and right in their own backyards.
521 8# - TARGET AUDIENCE NOTE
Target audience note 440<br/>
Source Lexile<br/><br/>
521 8# - TARGET AUDIENCE NOTE
Target audience note J<br/>
Source Raz-Plus<br/>
650 #0 - SUBJECT ADDED ENTRY--TOPICAL TERM
Topical term or geographic name entry element Exercise
Form subdivision Juvenile literature.
650 #0 - SUBJECT ADDED ENTRY--TOPICAL TERM
Topical term or geographic name entry element Physical fitness
Form subdivision Juvenile literature.
650 #1 - SUBJECT ADDED ENTRY--TOPICAL TERM
Topical term or geographic name entry element Exercise.
906 ## - LOCAL DATA ELEMENT F, LDF (RLIN)
a 7
b cbc
c orignew
d 1
e ecip
f 20
g y-gencatlg
942 ## - ADDED ENTRY ELEMENTS (KOHA)
Source of classification or shelving scheme Dewey Decimal Classification
Koha item type Books
Suppress in OPAC No
Holdings
Withdrawn status Lost status Source of classification or shelving scheme Damaged status Not for loan Collection Home library Current library Shelving location Date acquired Total Checkouts Full call number Barcode Date last seen Copy number Price effective from Koha item type
    Dewey Decimal Classification     Non-Fiction Footprints International School Library Network Toul Kork Campus Footprints International School Library Network Toul Kork Campus TK Primary Library Room(4th Floor), Bookcase 1&2, Shelves 1-16, Dark Blue Books 09/28/2023   GOR 613.7 RA781.G67 FISBK02029 09/28/2023 1 09/28/2023 Books
    Dewey Decimal Classification     Non-Fiction Footprints International School Library Network Toul Kork Campus Footprints International School Library Network Toul Kork Campus TK Primary Library Room(4th Floor), Bookcase 1&2, Shelves 1-16, Dark Blue Books 09/28/2023   GOR 613.7 RA781.G67 FISBK02028 10/05/2023 2 09/28/2023 Books